MANAGERIAL ECONOMICS (Record no. 75402)
[ view plain ]
| 000 -LEADER | |
|---|---|
| fixed length control field | 00228nam a2200097Ia 4500 |
| 050 ## - LIBRARY OF CONGRESS CALL NUMBER | |
| Classification number | HD 30.22 .D 395 2004 |
| 100 ## - MAIN ENTRY--PERSONAL NAME | |
| Personal name | DWIVED,D N |
| 245 #0 - TITLE STATEMENT | |
| Title | MANAGERIAL ECONOMICS |
| 942 ## - ADDED ENTRY ELEMENTS (KOHA) | |
| Koha item type | Long Loan Book |
No items available.